000 00789 a2200205 4500
003 CBULib
005 20240528130505.0
008 240409b |||||||| |||| 00| 0 eng d
040 _aCBULib
_bEnglish
_cCBULib
_dCBULib
_erda
050 _aUNECA(08)DM/1994/1
245 _aIndicators for monitoring and evaluation of the performance of public enterprises in Africa
_c/by United Nations Economic Commission For Africa(UNECA)
260 _bUnited Nations
_c1994
_aAddis Ababa
300 _avi, 94 pages. : illustrations
336 _2rdacontent
_aText |
_btxt
337 _2rdamedia
_aUnmediated |
_bn
338 _2rdacarrier
_aVolume
_bnc
650 0 _92654
_aGOVERNMENT BUSINESS ENTERPRISES--AFRICA
710 _aUnited Nations Economic Commissions for Africa (UNECA)
_9631
942 _2mc
_c029
999 _c84782
_d84782